000 00750cam a2200217 i 4500
008
020 _a9781523788972 (pbk.)
049 _aMAIN
090 0 0 _aREF TX361.A8
_bCOR
100 _aCorrea, Joseph.
245 1 4 _aThe Track and the Field Coach's Nutrition Manual to RMR :
_blearn how to prepare your students for high perfomance track and field thrugh proper eating habits /
_cJoseph Correa.
264 1 _aGreat Britain :
_bAmazon ,
_c2016.
300 _ano pagination.
650 1 2 _aNutritional Physiological Phenomena.
650 0 _aAthletes
_xNutrition.
907 _a.b10395714
_b07-02-19
_c18-12-18
003
005 20230123141135.0
040 _cNUST
942 _cBOOKS
_kREF TX361.A8
_mCOR
999 _c168371
_d168371